Seriál : Finančné trhy pre pokročilých

Pojem futurity. Základné funkcie finančných futurít. Použitie futurít na špekulácie. Použitie futurít na zaisťovanie.

Enregistré dans:
Détails bibliographiques
Auteur principal: Pilch, Ctibor, 1957-
Format: Chapitre de livre
Langue:slovaque
Sujets:
Tags: Ajouter un tag
Pas de tags, Soyez le premier à ajouter un tag!

MARC

LEADER 00000nla$a2200000$$$4500
001 0086513
005 20240502071958.7
041 0 |a slo 
044 |a SK 
245 1 0 |a Seriál : Finančné trhy pre pokročilých  |c Ctibor Pilch 
520 |a Pojem futurity. Základné funkcie finančných futurít. Použitie futurít na špekulácie. Použitie futurít na zaisťovanie. 
610 2 0 |a futurity 
610 2 0 |a trh finančný 
610 2 0 |a zaistenie 
610 2 0 |a špekulácie 
610 2 0 |a obchod 
100 1 |a Pilch, Ctibor, 1957-